¡Chao! /
Cuatro inolvidables historias componen este libro; uno de los mejores de Lygia Bojunga. Una historia trata del adiós; otra de la amistad; otra de los celos y otra del recuerdo. Con su inigualable delicadeza, la escritora brasileña lega al corazón de sus lectores, pues sus historias hablan de cosas q...
Guardado en:
| Autor Principal: | |
|---|---|
| Otros Autores: | , |
| Formato: | Libro |
| Publicado: |
Bogotá :
Norma,
2001.
|
| Series: | Torre de Papel. Amarilla +11 años
|
| Materias: | |
| Etiquetas: |
Agregar Etiqueta
Sin Etiquetas, Sea el primero en etiquetar este registro!
|
| LEADER | 01232nam a22002535a 4500 | ||
|---|---|---|---|
| 001 | CEM.cems019960 | ||
| 008 | 230331s2001####ag############000#0#####d | ||
| 005 | 20230331145720.0 | ||
| 245 | 1 | 0 | |a ¡Chao! / |c Lygia Bojunga; traducido por Irene Vasco; ilustrado por Ivar Da Coll. |
| 260 | |a Bogotá : |b Norma, |c 2001. | ||
| 300 | |a 128 p. | ||
| 490 | 0 | |a Torre de Papel. Amarilla +11 años | |
| 520 | |a Cuatro inolvidables historias componen este libro; uno de los mejores de Lygia Bojunga. Una historia trata del adiós; otra de la amistad; otra de los celos y otra del recuerdo. Con su inigualable delicadeza, la escritora brasileña lega al corazón de sus lectores, pues sus historias hablan de cosas que nos pasan a todos, de una u otra manera. Lygia Bojunga sabe narrar lo universal a través de lo particular. | ||
| 020 | |a 958046023X | ||
| 100 | 1 | |a Bojunga, Lygia. | |
| 700 | 1 | |a Vasco, Irene; trad. | |
| 700 | 1 | |a Da Coll, Ivar; il. | |
| 653 | |a Literatura | ||
| 653 | |a Literatura Brasilera | ||
| 653 | |a Novela | ||
| 653 | |a Novela Infantil | ||
| 653 | |a Literatura Infantil | ||
| 859 | |a CEMS |b BIB. CEMS - Inicial y Primaria |h B863.4 |i B637-2 |k IP |p 2351 |t Ej.1 | ||
| 859 | |a CEMS |b BIB. CEMS - Inicial y Primaria |h B863.4 |i B637-2 |k IP |p 2353 |t Ej.2 | ||
